000 00589nam a22001817a 4500
999 _c192647
_d192647
005 20220928145529.0
010 _aENG-135240
020 _c299.00
_a9788194403777
035 _aEN-118772
037 _bDBAD/PUB
082 _a333.7316954
100 _aSamanta, Ratan Kumar
245 _aLand Degradation And Its Mitigation In Lower Subarnarekha Basin, India
_cRatan Kumar Samanta
260 _aDelhi
_bOrangebooks Publications
_c2017
270 _bDelhi
_aVishwavidyalaya Marg, Civil Lines
_e110054
300 _a66p.
_c23cm(pbk)
942 _2ddc
_cEN
_mSAM
_h333.7316954